The Bench/ (Record no. 159394)

MARC details
000 -LEADER
fixed length control field 00488nam a22001817a 4500
005 - DATE AND TIME OF LATEST TRANSACTION
control field 20181217111857.0
010 ## - LCCN (DPL NO)
LC control number ENG-124550
020 ## - INTERNATIONAL STANDARD BOOK NUMBER
International Standard Book Number 9789386473202
Terms of availability 295.00
035 ## - SYSTEM CONTROL NUMBER
System control number EN-108082
037 ## - SOURCE OF ACQUISITION
Source of stock number/acquisition DBAD/PUB
082 ## - DEWEY DECIMAL CLASSIFICATION NUMBER
Classification number N
100 ## - MAIN ENTRY--PERSONAL NAME
Personal name Ansal, Kusum
245 ## - TITLE STATEMENT
Title The Bench/
Statement of responsibility, etc by Kusum Ansal
260 ## - PUBLICATION, DISTRIBUTION, ETC. (IMPRINT)
Place of publication, distribution, etc New Delhi
Name of publisher, distributor, etc Vitasta Publishing Pvt Ltd
Date of publication, distribution, etc 2018
270 ## - ADDRESS
Address 2/15, Ansari Road,Daryaganj,
City New Delhi
Postal code 110002
300 ## - PHYSICAL DESCRIPTION
Extent 222p.
Dimensions 20cm.(Pbk)
942 ## - ADDED ENTRY ELEMENTS (KOHA)
Source of classification or shelving scheme Dewey Decimal Classification
Item type English Books
Call number suffix ANS
Classification part N
Holdings
Withdrawn status Lost status Not for loan Collection code Home library Current library Date acquired Source of acquisition Cost, normal purchase price Full call number Barcode Copy number Cost, replacement price Koha item type
    Not For Loan Fiction D.B.Act.Division Bawana 15/12/2018 DBAD/PUB 295.00 N ANS EN-108082 1 295.00 English Books

© Delhi Public Library
Hit Counter
free hit counter